Major Development in Islamic World (Record no. 14868)

MARC details
000 -LEADER
fixed length control field 00594nam a2200241 a 4500
020 ## - INTERNATIONAL STANDARD BOOK NUMBER
ISBN 9788178844411
082 00 - DEWEY DECIMAL CLASSIFICATION NUMBER
Classification number 297.1
Author Cutter ALI
100 ## - MAIN ENTRY--AUTHOR NAME
Author name Ali, Masood
245 ## - TITLE STATEMENT
Title Major Development in Islamic World
260 ## - PUBLICATION, DISTRIBUTION, ETC. (IMPRINT)
Place of publication Delhi
Name of publisher Cyber Techpub
Year of publication 2009
300 ## - PHYSICAL DESCRIPTION
Number of Pages 296p
500 ## - GENERAL NOTE
General note includes index and biblioraphy
505 2# - FORMATTED CONTENTS NOTE
Formatted contents note biblio, index
650 ## - SUBJECT ADDED ENTRY--TOPICAL TERM
Topical Term Islam-20th Century
942 ## - ADDED ENTRY ELEMENTS (KOHA)
Koha item type Books
700 1# -
-- Ali, Masood
Holdings
Collection code Home library Current library Date acquired Cost, normal purchase price Full call number Accession Number Koha item type
  Henry Martyn Institute Library Henry Martyn Institute Library 09/15/2008 900.00 297.1 ALI 022536 Books
                   Copyright © 2026 | Henry Martyn Institute | Hyderabad | TS-500052 | INDIA | Implemented by hmi.edu.in
Hit-Count:

Powered by Koha